00599nam a22002057a 450000500170000001000130001702000230003003500130005303700160006604000120008208200150009410000190010924500800012826000420020827000550025030000210030550000200032665000200034665000270036620170124110143.0 aB-031436 c1000.00a817005040 aB-031436 bCen Lib/Ret aDPLbEN a020.3bGAR aGarrkoti, G.K. aConcise encyclopaedia of library information technology /cby G.K. Garrkoti aNew DelhibEss Ess Publicationsc2001 a4837/24, Ansari Road Darya GanjbNew Delhie110002 a504p. c21cm(Hb) aIncludes index aLibrary Science aInformation technology